CHEMICKÁ CHARAKTERISTIKA SLOVENSKÉ MĚDĚNÉ RUDY A JEJÍ VZTAH K MĚDI POUŽÍVANÉ V PRAVĚKU

Bibliographic Details
Main Author: Págo, Ladislav (Author)
Other Authors: Nieburová, Berta, 1919-2006 (Translator)
Format: Article
Language:Czech

MARC

LEADER 00000nab a2200000 a 4500
001 vtls011130065
003 SK-MaSNL
005 20260303151144.0
008 230222|1968 xo |||||||||||||||||cze|
015 |a SNBRB 
035 |a (uuid)2dccd2ce-4ec8-4ab4-b60b-353997158f21 
035 |a (urnnbn)urn:nbn:sk:snk:ar-a09jr0 
035 |a urn:nbn:sk:snk-aba7tk 
040 |a SNKBUCL  |b slo  |c SNKBUCL  |e AACR2 
041 0 |a cze 
044 |a xo  |c SK 
100 1 |a Págo, Ladislav  |4 aut  |9 573488 
245 1 0 |a CHEMICKÁ CHARAKTERISTIKA SLOVENSKÉ MĚDĚNÉ RUDY A JEJÍ VZTAH K MĚDI POUŽÍVANÉ V PRAVĚKU  |c Ladislav Págo, B. Nieburová 
700 1 |a Nieburová, Berta,  |d 1919-2006  |4 trl  |9 112145 
773 0 |t Slovenská archeológia  |g Roč. 16, č. 1 (1968), s. [245]-254 
958 |a OND 
958 |a EUIPO 
958 |a article13 
999 |c 2016406  |d 2018336